00466 2200157 4500001002100000008004100021035002000062245002400082100001800106260003300124300002100157020002200178082001000200650008500210990001300295INLIS000000000000321 ind  a0010-0423000321 aKHADIJAH DAN AISYAH aEMAN SULAIMAN aBANDUNGbMADANIA PRIMAc2007 a306 hlm.c22 cm. a978-979-16622-4-6 a741.5 aCARTOONS, CARICATURES, COMICS ( CARTOON FICTION, GRAPHIC NOVEL(VISUAL NOVELS ) ) a102707-1